|
|
|
|
| LEADER |
00804nam a2200217Ia 4500 |
| 001 |
CTU_87090 |
| 008 |
210402s9999 xx 000 0 und d |
| 020 |
|
|
|c 19000
|
| 082 |
|
|
|a 425
|
| 082 |
|
|
|b B566
|
| 100 |
|
|
|a Hà, Văn Bửu
|
| 245 |
|
0 |
|a Những lỗi thông thường trong tiếng Anh đối với người Việt Nam : Lỗi về cách dùng từ=
|
| 245 |
|
0 |
|b Common mistakes in using english words made by Vietnamese
|
| 245 |
|
0 |
|c Hà Văn Bửu
|
| 260 |
|
|
|a Tp. Hồ Chí Minh
|
| 260 |
|
|
|b Tổng hợp Tp. Hồ Chí Minh
|
| 260 |
|
|
|c 2004
|
| 650 |
|
|
|a English language,English language,English language
|
| 650 |
|
|
|x Etymology,Morphology,Word formation
|
| 904 |
|
|
|i Trúc
|
| 980 |
|
|
|a Trung tâm Học liệu Trường Đại học Cần Thơ
|